00289 a2200121 4500003000500000005001700005040000900022082001200031245006000043538002900103650002100132651001400153Nust20170207154601.0 cNust a025.34  aFollow Me : Units : 16-23, side 1: units: 24-30, side 2 aAlmirah No.73 shelf No.6 aEnglish learning aFollow Me